Leer un balance es fácil / (Record no. 135745)

MARC details
000 -LEADER
campo de control de longitud fija 00747nam a2200229 i 4500
001 - NÚMERO DE CONTROL
campo de control 135745
003 - IDENTIFICADOR DE NÚMERO DE CONTROL
campo de control ES-MaACL
005 - FECHA Y HORA DE LA ÚLTIMA TRANSACCIÓN
campo de control 20250824222318.0
007 - CAMPO FIJO DE DESCRIPCIÓN FÍSICA--INFORMACIÓN GENERAL
campo de control de longitud fija t|
008 - DATOS DE LONGITUD FIJA--INFORMACIÓN GENERAL
campo de control de longitud fija 070214s1970 sp r ||||1| spa d
100 1# - ENTRADA PRINCIPAL--NOMBRE DE PERSONA
Nombre de persona Roudain, Henri.
9 (RLIN) 100008
245 10 - MENCIÓN DEL TÍTULO
Título Leer un balance es fácil /
Mención de responsabilidad, etc. Henri Roudain ; traducción de Julián Sicilia, Ignacio del Amo.
260 ## - PUBLICACIÓN, DISTRIBUCIÓN, ETC.
Lugar de publicación, distribución, etc. Salamanca :
Nombre del editor, distribuidor, etc. Anaya,
Fecha de publicación, distribución, etc. 1970.
300 ## - DESCRIPCIÓN FÍSICA
Extensión 146 p. :
Otras características físicas il. ;
Dimensiones 24 cm.
490 1# - MENCIÓN DE SERIE
Mención de serie Libros Económico-Empresariales
650 #4 - PUNTO DE ACCESO ADICIONAL DE MATERIA--TÉRMINO DE MATERIA
Término de materia o nombre geográfico como elemento de entrada Balances.
9 (RLIN) 168822
700 1# - ENTRADA AGREGADA--NOMBRE PERSONAL
Nombre de persona Sicilia, Julián.
9 (RLIN) 106193
700 1# - ENTRADA AGREGADA--NOMBRE PERSONAL
Nombre de persona Amo, Ignacio del.
9 (RLIN) 21273
830 00 - PUNTO DE ACCESO ADICIONAL DE SERIE-TÍTULO UNIFORME
Título uniforme Libros económico-empresariales Anaya
9 (RLIN) 220723
852 ## - LOCALIZACIÓN
Ubicación ES-MaACL
Número de control de estantería C-44090
Sublocalización o colección R.74262
Holdings
Estatus retirado Estado de pérdida Estado de daño No para préstamo Biblioteca de origen Biblioteca actual Ubicación en estantería Fecha de adquisición Fuente de adquisición Total de préstamos Signatura topográfica completa Código de barras Visto por última vez Precio de reemplazo Tipo de ítem Koha
        Biblioteca del Ateneo de Madrid Biblioteca del Ateneo de Madrid Depósito 2 17/01/2008     C-44090 1141281 23/02/2023 23/02/2023 Libro impreso